000 00906nam2a2200205 4500
001 RU\NLR\PER_A\003080199_000150
005 20250623234442.0
035 _a(NLR Aleph) 012243120
090 _a11042003
_c11042003
100 _a20200311d2019 |||y0rusy50 ca
101 0 _arus
102 _aRU
200 0 _a№ 15
210 _d2019
_aБ. м.
461 0 _1001RU\NLR\Per\836545
_12001#$aСеминария$eстуденческий православный журнал$eиздание Тобольской православной духовной семинарии$v№ 15
_92394222
_cТобольск
_d2009 -
_n[б. и.]
_oстуденческий православный журнал : издание Тобольской православной духовной семинарии
_tСеминария
_v№ 15
852 _aNLR
_jП38/344
942 _cISSUE
980 _aNB
980 _aRUSPER